Countries that Start with "The" in Conversation - Statistics

General Stats
  • This quiz has been taken 84 times
    80 since last reset
  • The average score is 10 of 15
Answer Stats
Answer % Correct
United Kingdom
89%
United States
86%
United Arab Emirates
76%
Bahamas
72%
Gambia
68%
Marshall Islands
68%
Netherlands
67%
Solomon Islands
67%
Dominican Republic
64%
Philippines
60%
Maldives
57%
Vatican City
54%
Federated States of Micronesia
51%
Central African Republic
39%
Czech Republic
38%
No matching quizzes found
Score Distribution
Percent of People with Each Score
Percentile by Number Answered
Your Score History
You have not taken this quiz since the last reset